000 00359nam a22001457a 4500
003 OSt
005 20160727222349.0
008 160621b xxu||||| |||| 00| 0 eng d
040 _cTEST
100 _9332
_aDelton, J
245 _aAngel's Mother's boyfriend
260 _aUK
_bHoughton Miffin Comp.
_c1986
300 _aAngel's Mother's boyfriend
942 _2ddc
_cBK
999 _c266
_d266